000 00920nam a22002897a 4500
001 BR3800064
003 BR-BrBNA
005 20230928082901.0
007 ta
008 230509b bl.||||| |||| 00| 0 por d
040 _aBR-BrBNA
_bpor
_cBiblioteca Nacional de Agricultura
041 _a(Por)
072 _aF00; E70; B50
_b2120
090 _ 2120 BR3800064
100 1 _aVon Bernegg, A.S.
245 1 _aPlantas tropicais e sub-tropicais da economia mundial. Sua historia, cultura e importancia economico-politica. Plantas de euforia. O cafe [coffea arabica]
260 3 _aRio de Janeiro, RJ (Brasil):
_bDepartamento Nacional do cafe,
_c1938.
300 _a354 p.
500 _aBibliography p. 347-354 (192 ref.); 52 illus.
650 _aPRODUCAO VEGETAL
650 _aCOMERCIALIZACAO
650 _aHISTORIA
650 _aCAFE
650 _aPRECO
909 _a202309
_bLucia
_c55
_dLucia Elande
942 _cBK
999 _c10434
_d10434